000 00310nam a22001457a 4500
008 210429b ||||| |||| 00| 0 eng d
020 _a0024182206
041 _aeng
080 _23rd
_a37
082 _a37
100 _a46
101 _aEDU
245 _aThe Elements of Style
_cStrunk,W
942 _2udc
_cBK
999 _c56982
_d56982